[Event "BCF-chT4 2223 (4NCL)"]
[Site "England"]
[Date "2023.02.05"]
[Round "6.36"]
[White "Munden, Matthew J"]
[Black "Vaidyanathan, Sathya"]
[Result "1/2-1/2"]
[WhiteElo "1571"]
[BlackElo "1516"]
[PlyCount "51"]
[EventDate "2022.11.05"]
[EventType "team-swiss"]
[EventRounds "11"]
[EventCountry "ENG"]
[SourceTitle "EXT 2024"]
[Source "ChessBase"]
[SourceDate "2023.10.10"]
[SourceVersion "1"]
[SourceVersionDate "2023.10.10"]
[SourceQuality "1"]
[WhiteTeam "Wotton Hall"]
[BlackTeam "MASCeteers"]
[WhiteTeamCountry "ENG"]
[BlackTeamCountry "ENG"]

1. e4 e5 2. Nf3 Nc6 3. Bc4 Bc5 4. c3 Nf6 5. b4 Bb6 6. d3 d6 7. Be3 h6 8. h3 Bxe3 9. fxe3 a6 10. Nbd2 b5 11. Bb3 Ne7 12. d4 exd4 13. exd4 0-0 14. 0-0 Bb7 15. e5 dxe5 16. Nxe5 Ned5 17. Bxd5 Bxd5 18. Qc2 Nd7 19. Rae1 Nxe5 20. Rxe5 Re8 21. Rfe1 Rxe5 22. Rxe5 c6 23. Ne4 Bxe4 24. Qxe4 Rc8 25. Re7 Qd5 26. Qxd5 1/2-1/2

[Event "BCF-chT4 2223 (4NCL)"]
[Site "England"]
[Date "2022.11.06"]
[Round "2.76"]
[White "Munden, Matthew J"]
[Black "O'Byrne, Daniel"]
[Result "1-0"]
[WhiteElo "1571"]
[BlackElo "1682"]
[PlyCount "59"]
[EventDate "2022.11.05"]
[EventType "team-swiss"]
[EventRounds "11"]
[EventCountry "ENG"]
[SourceTitle "EXT 2024"]
[Source "ChessBase"]
[SourceDate "2023.10.10"]
[SourceVersion "1"]
[SourceVersionDate "2023.10.10"]
[SourceQuality "1"]
[WhiteTeam "Wotton Hall"]
[BlackTeam "War and Piece"]
[WhiteTeamCountry "ENG"]
[BlackTeamCountry "ENG"]

1. e4 e5 2. Nf3 Nc6 3. Bc4 f5 4. Nc3 fxe4 5. Ng1 Nf6 6. Nd5 Bc5 7. Nh3 d6 8. c3 Bxh3 9. gxh3 Rf8 10. Rf1 Nxd5 11. Bxd5 Qh4 12. Qe2 Rf5 13. Bxc6+ bxc6 14. d4 exd3 15. Qd2 a5 16. a3 Kd7 17. b4 axb4 18. cxb4 Bd4 19. Bb2 Ba7 20. 0-0-0 Rf3 21. Rg1 Bxf2 22. Rxg7+ Ke6 23. Kb1 Bb6 24. Qc3 c5 25. Qb3+ d5 26. bxc5 Bxc5 27. Qb7 Rd8 28. Qxc7 Bd6 29. Qa7 Rxh3 30. Qf7# 1-0